German State Capitals - Sudden Death - Statistics

General Stats
  • This quiz has been taken 589 times
  • The average score is 5 of 13
Answers on the Grid
Answers color-coded by a green-red scale on the quiz's grid according to % correct below.
Berlin
Brandenburg
Braunschweig
Bremen
Cologne
Dortmund
Dresden
Dusseldorf
Flensburg
Frankfurt
Hamburg
Hannover
Jena
Kassel
Kiel
Leipzig
Lubeck
Magdeburg
Mainz
Munich
Nuremburg
Oldenburg
Osnabruck
Potsdam
Regensburg
Rostock
Saarbrucken
Schwerin
Ulm
Wolfsburg
 
Answer Stats
Answer % Correct
Berlin
96%
Bremen
55%
Hamburg
49%
Munich
47%
Dresden
38%
Dusseldorf
35%
Hannover
34%
Saarbrucken
34%
Kiel
29%
Potsdam
28%
Schwerin
24%
Magdeburg
22%
Mainz
21%
No matching quizzes found
Score Distribution
Percent of People with Each Score
Percentile by Number Answered
Your Score History
You have not taken this quiz